[Event "Toronto Closed"]
[Site "Toronto CAN"]
[Date "2011.01.23"]
[Round "1"]
[White "Barron, Michael"]
[Black "Moffat, Andrei"]
[Result "1/2-1/2"]
[WhiteElo "2340"]
[BlackElo "2248"]
[PlyCount "89"]
[EventDate "2011.01.23"]
[EventType "tourn"]
[EventRounds "7"]
[EventCountry "CAN"]

1. e4 c5 2. Nf3 Nc6 3. d4 cxd4 4. Nxd4 Qb6 5. Nb3 Nf6 6. Be3 Qb4+ 7. c3 Qxe4 8.
N1d2 Qe5 9. Qf3 Qc7 10. O-O-O d6 11. h3 g6 12. g4 Bg7 13. g5 Nd7 14. h4 Nde5
15. Qg3 Ng4 16. Nc4 Nxe3 17. Nxe3 Be6 18. Nd5 Bxd5 19. Rxd5 O-O 20. h5 Rfc8 21.
Bh3 e6 22. Rd2 d5 23. f4 d4 24. h6 Bh8 25. Rhd1 dxc3 26. bxc3 Rd8 27. Qe3 Rxd2
28. Rxd2 Rd8 29. Nc5 Rxd2 30. Kxd2 b6 31. Ne4 Ne7 32. Nf6+ Bxf6 33. gxf6 Nd5
34. Qe5 Qxe5 35. fxe5 Kf8 36. Bg2 Ke8 37. c4 Nb4 38. a3 Na6 39. Bc6+ Kd8 40.
Kc3 Nc5 41. Kd4 Nb3+ 42. Kc3 Nc5 43. Kd4 Nd7 44. Be4 Nc5 45. Bc6 1/2-1/2

[Event "Toronto Closed"]
[Site "Toronto CAN"]
[Date "2011.01.30"]
[Round "2"]
[White "Aronov, Yuri"]
[Black "Barron, Michael"]
[Result "1-0"]
[WhiteElo "2313"]
[BlackElo "2340"]
[PlyCount "43"]
[EventDate "2011.01.23"]
[EventType "tourn"]
[EventRounds "7"]
[EventCountry "CAN"]

1. d4 f5 2. Nc3 d5 3. Bg5 h6 4. Bh4 g5 5. e3 gxh4 6. Qh5+ Kd7 7. Nxd5 e6 8.
Qf7+ Kd6 9. Nxc7 Bd7 10. Nxa8 Nc6 11. O-O-O Nf6 12. c4 Be7 13. c5+ Kd5 14. Ne2
Kc4 15. Nc3+ Kb4 16. Kc2 Rh7 17. a3+ Ka5 18. b4+ Nxb4+ 19. axb4+ Kxb4 20. Rb1+
Ka5 21. Ra1+ Kb4 22. Bd3 1-0

[Event "Toronto Closed"]
[Site "Toronto CAN"]
[Date "2011.02.27"]
[Round "3"]
[White "Barron, Michael"]
[Black "Plotkin, Victor"]
[Result "1-0"]
[WhiteElo "2340"]
[BlackElo "2403"]
[PlyCount "81"]
[EventDate "2011.01.23"]
[EventType "tourn"]
[EventRounds "7"]
[EventCountry "CAN"]

1. e4 e6 2. d4 d5 3. Nd2 c5 4. Ngf3 Nc6 5. exd5 exd5 6. Bb5 Bd6 7. O-O Nge7 8.
dxc5 Bxc5 9. Nb3 Bd6 10. Re1 O-O 11. Bg5 Bg4 12. c3 Qc7 13. h3 Bh5 14. g4 Bg6
15. Nfd4 Rfe8 16. Bh4 a6 17. Bxe7 Rxe7 18. Rxe7 Nxe7 19. Bd3 Re8 20. Qe2 Bxd3
21. Qxd3 Ng6 22. Rd1 Nf4 23. Qf3 g6 24. Nc2 Qd8 25. Ne3 Qh4 26. Nxd5 Nxh3+ 27.
Kf1 f5 28. gxf5 Rf8 29. Rd4 Qh6 30. Ne3 Bf4 31. Ng4 Qh4 32. Rxf4 Nxf4 33. Qxf4
Qh1+ 34. Ke2 Re8+ 35. Ne3 Qh5+ 36. Kd2 gxf5 37. Nd4 Re4 38. Qb8+ Qe8 39. Qxb7
f4 40. Nef5 Qe5 41. Nh6+ 1-0

[Event "Toronto Closed"]
[Site "Toronto CAN"]
[Date "2011.03.06"]
[Round "4"]
[White "Barron, Michael"]
[Black "Kleinman, Michael"]
[Result "0-1"]
[WhiteElo "2340"]
[BlackElo "2246"]
[PlyCount "50"]
[EventDate "2011.01.23"]
[EventType "tourn"]
[EventRounds "7"]
[EventCountry "CAN"]

1. e4 c5 2. Nf3 d6 3. d4 cxd4 4. Nxd4 Nf6 5. Nc3 g6 6. Be2 Bg7 7. O-O Nc6 8.
Nb3 O-O 9. Bg5 a6 10. f4 b5 11. Bf3 b4 12. Nd5 Nxd5 13. exd5 Na5 14. Nxa5 Qxa5
15. Rb1 Bf5 16. Rf2 Qc5 17. Kf1 Rac8 18. Qd2 Qc4+ 19. Re2 Qxa2 20. Rbe1 Qxb2
21. Bxe7 Rxc2 22. Qe3 Bd4 23. Rxc2 Bxc2 24. Qe2 Bd3 25. Bxf8 Kxf8 0-1

[Event "Toronto Closed"]
[Site "Toronto CAN"]
[Date "2011.02.15"]
[Round "6"]
[White "Barron, Michael"]
[Black "Sapozhnikov, Roman"]
[Result "1/2-1/2"]
[WhiteElo "2246"]
[BlackElo "2459"]
[PlyCount "139"]
[EventDate "2011.01.23"]
[EventType "tourn"]
[EventRounds "7"]
[EventCountry "CAN"]

1. e4 c5 2. Nf3 d6 3. d4 cxd4 4. Nxd4 Nf6 5. Nc3 a6 6. Be2 e6 7. O-O Be7 8. f4
Qc7 9. Be3 O-O 10. Qe1 b5 11. a3 Bb7 12. Bf3 Nbd7 13. Rd1 Rac8 14. g4 Nb6 15.
g5 Nfd7 16. f5 e5 17. Nde2 Nc4 18. Bc1 Qc5+ 19. Qf2 Qxf2+ 20. Kxf2 d5 21. Nxd5
Bxd5 22. Rxd5 Ncb6 23. Rd3 Rxc2 24. Rfd1 Nc5 25. Rc3 Rxc3 26. Nxc3 Nb3 27. Be3
Nc4 28. Rd7 Bc5 29. Bxc5 Nxc5 30. Rd5 Nxb2 31. f6 Ne6 32. h4 Nc4 33. Nxb5 axb5
34. Rxb5 Nxa3 35. Rxe5 Nc4 36. Rb5 gxf6 37. gxf6 Nd6 38. Rb4 Rc8 39. e5 Nc4 40.
Rb5 Nd4 41. Rd5 Ne6 42. Bg4 h6 43. Bxe6 fxe6 44. Rb5 Rd8 45. Rc5 Nb2 46. Ke3
Nd3 47. Ra5 h5 48. Ke4 Rd7 49. Ra8+ Kh7 50. Re8 Nc5+ 51. Kf4 Kg6 52. Rg8+ Kh6
53. Rh8+ Rh7 54. Rc8 Nd3+ 55. Ke4 Nf2+ 56. Kf4 Rb7 57. Rh8+ Kg6 58. Rg8+ Kh7
59. Re8 Kg6 60. Rxe6 Rb4+ 61. Kf3 Nd3 62. Re7 Rxh4 63. f7 Kg7 64. e6 Ne5+ 65.
Kg3 Rg4+ 66. Kh3 Ng6 67. Re8 Nf4+ 68. Kh2 Nxe6 69. Rxe6 Kxf7 70. Ra6 1/2-1/2

[Event "Toronto Closed"]
[Site "Toronto CAN"]
[Date "2011.04.03"]
[Round "6"]
[White "Guo, Joshua"]
[Black "Barron, Michael"]
[Result "1-0"]
[WhiteElo "2263"]
[BlackElo "2340"]
[PlyCount "65"]
[EventDate "2011.01.23"]
[EventType "tourn"]
[EventRounds "7"]
[EventCountry "CAN"]

1. e4 e5 2. Nf3 Nc6 3. Bc4 Bc5 4. O-O Nf6 5. d4 Bxd4 6. Nxd4 Nxd4 7. f4 d6 8.
fxe5 dxe5 9. Bg5 Be6 10. Na3 Qe7 11. c3 Bxc4 12. Nxc4 Ne6 13. Bxf6 gxf6 14. Ne3
Qc5 15. Qd2 Rd8 16. Qf2 Nf4 17. Kh1 Rd6 18. Nf5 Rc6 19. Qd2 O-O 20. g3 Qc4 21.
gxf4 Qxe4+ 22. Qg2+ Qxg2+ 23. Kxg2 Rc4 24. Ne3 Rxf4 25. Rxf4 exf4 26. Nd5 Rd8
27. Rd1 Kg7 28. Kf3 c6 29. Ne3 Re8 30. Kxf4 Kg6 31. Rg1+ Kh5 32. Nf5 Re5 33.
Rg3 1-0

[Event "Toronto Closed"]
[Site "Toronto CAN"]
[Date "2011.03.20"]
[Round "7"]
[White "Birarov, Vladimir"]
[Black "Barron, Michael"]
[Result "0-1"]
[WhiteElo "2257"]
[BlackElo "2340"]
[PlyCount "56"]
[EventDate "2011.01.23"]
[EventType "tourn"]
[EventRounds "7"]
[EventCountry "CAN"]

1. d4 f5 2. g3 Nf6 3. Bg2 g6 4. Nh3 d6 5. c3 Bg7 6. Qb3 c6 7. Nd2 e5 8. dxe5
dxe5 9. e4 Qe7 10. exf5 Bxf5 11. O-O Na6 12. Nc4 Nc5 13. Qa3 Bd3 14. Be3 Nce4
15. Qb3 Qf7 16. Nxe5 Qxb3 17. axb3 Bxf1 18. Bxf1 Nd5 19. Bd4 O-O 20. Bd3 Nd2
21. Nd7 Rf7 22. Nb6 Nxb3 23. Ra3 Rd8 24. Ng5 Nxd4 25. Nxd5 Rxd5 26. Nxf7 Nf3+
27. Kf1 Rxd3 28. Rxa7 Rd7 0-1

[Event "CAN-op"]
[Site "Kitchener CAN"]
[Date "2006.07.15"]
[Round "1"]
[White "Cliff, Scott"]
[Black "Barron, Michael"]
[Result "0-1"]
[WhiteElo "1894"]
[BlackElo "2214"]
[PlyCount "72"]
[EventDate "2006.07.15"]
[EventType "swiss"]
[EventRounds "9"]
[EventCountry "CAN"]

1. d4 f5 2. g3 Nf6 3. Bg2 g6 4. Nh3 d6 5. c4 Bg7 6. Nc3 O-O 7. d5 c6 8. O-O e5
9. dxe6 Bxe6 10. Qb3 Qe7 11. Ng5 Bf7 12. e4 fxe4 13. Ncxe4 Nxe4 14. Bxe4 Na6
15. Bg2 Nc5 16. Qc2 Ne6 17. Qe4 Qf6 18. Qh4 h6 19. Nf3 g5 20. Qe4 Nc5 21. Qc2
Bg6 22. Qd1 Bd3 23. Re1 g4 24. Nh4 Qxf2+ 25. Kh1 Bc2 26. Be3 Bxd1 27. Bxf2 Nd3
28. Raxd1 Nxf2+ 29. Kg1 Nxd1 30. Rxd1 Bxb2 31. Rxd6 Rad8 32. Rg6+ Kh7 33. h3
Rd1+ 34. Kh2 Rf2 35. hxg4 Rdd2 36. g5 Rxg2+ 0-1

[Event "CAN-op"]
[Site "Kitchener CAN"]
[Date "2006.07.17"]
[Round "3"]
[White "Hecht, Hans Joachim"]
[Black "Barron, Michael"]
[Result "1-0"]
[WhiteElo "2394"]
[BlackElo "2214"]
[PlyCount "67"]
[EventDate "2006.07.15"]
[EventType "swiss"]
[EventRounds "9"]
[EventCountry "CAN"]

1. d4 f5 2. g3 Nf6 3. Bg2 g6 4. Nh3 Bg7 5. c3 O-O 6. Qb3+ d5 7. Nd2 c6 8. Nf3
Ng4 9. c4 e6 10. Nf4 Na6 11. Nd3 Nc7 12. O-O Ne8 13. Bg5 Ngf6 14. Nfe5 Nd6 15.
Rad1 Qe8 16. Qa3 Nfe4 17. Bxe4 Nxe4 18. Be7 dxc4 19. Ne1 b5 20. f3 Nf6 21. e4
a5 22. Bxf8 Bxf8 23. Qe3 Bb7 24. Ng2 Bd6 25. exf5 exf5 26. Rfe1 Nd5 27. Qc1 Qc8
28. Nf4 c5 29. Nfxg6 hxg6 30. Qh6 Bxe5 31. Rxe5 Kf7 32. Qh7+ Kf6 33. Rde1 Qh8
34. Re6+ 1-0

[Event "CAN-op"]
[Site "Kitchener CAN"]
[Date "2006.07.20"]
[Round "6"]
[White "Barron, Michael"]
[Black "Aird, Ian"]
[Result "1-0"]
[WhiteElo "2214"]
[BlackElo "2045"]
[PlyCount "59"]
[EventDate "2006.07.15"]
[EventType "swiss"]
[EventRounds "9"]
[EventCountry "CAN"]

1. e4 e5 2. Nf3 Nc6 3. Bb5 a6 4. Ba4 Nf6 5. O-O Be7 6. Re1 b5 7. Bb3 d6 8. c3
O-O 9. d4 Bg4 10. d5 Na5 11. Bc2 Qc8 12. Nbd2 c6 13. h3 Bd7 14. b4 Nb7 15. c4
Qc7 16. dxc6 Qxc6 17. Bd3 Rfc8 18. Bb2 Qb6 19. Rc1 Nd8 20. Qe2 Ne6 21. c5 Qb8
22. Bb1 Nf4 23. Qe3 Ng6 24. Nb3 Bc6 25. Red1 d5 26. exd5 Nxd5 27. Qe1 f6 28.
Na5 Ndf4 29. Nxc6 Rxc6 30. Be4 1-0

[Event "CAN-op"]
[Site "Kitchener CAN"]
[Date "2006.07.21"]
[Round "7"]
[White "Semyonov, Vladimir"]
[Black "Barron, Michael"]
[Result "1/2-1/2"]
[WhiteElo "2089"]
[BlackElo "2214"]
[PlyCount "29"]
[EventDate "2006.07.15"]
[EventType "swiss"]
[EventRounds "9"]
[EventCountry "CAN"]

1. c4 c5 2. g3 Nc6 3. Bg2 g6 4. Nc3 Bg7 5. a3 b6 6. e3 Bb7 7. Nge2 Na5 8. Bxb7
Nxb7 9. b3 e6 10. d4 Ne7 11. Bb2 O-O 12. Qd2 cxd4 13. Nxd4 d5 14. cxd5 Nxd5 15.
Rd1 1/2-1/2

[Event "CAN-op"]
[Site "Kitchener CAN"]
[Date "2006.07.22"]
[Round "8"]
[White "Barron, Michael"]
[Black "Swathi, Ghate"]
[Result "1-0"]
[WhiteElo "2214"]
[BlackElo "2379"]
[PlyCount "61"]
[EventDate "2006.07.15"]
[EventType "swiss"]
[EventRounds "9"]
[EventCountry "CAN"]

1. e4 c5 2. Nf3 d6 3. d4 cxd4 4. Nxd4 Nf6 5. Nc3 e6 6. Be2 Be7 7. O-O Nc6 8.
Be3 a6 9. f4 Qc7 10. Kh1 O-O 11. Qe1 Nxd4 12. Bxd4 b5 13. e5 Ne8 14. Bd3 Bb7
15. Ne4 Rc8 16. Rf3 g6 17. Rh3 dxe5 18. fxe5 Qc6 19. Qd2 f5 20. exf6 Nxf6 21.
Qh6 Qd7 22. c3 Rc7 23. Ng5 Bc5 24. Bxg6 Bxd4 25. Bxh7+ Qxh7 26. Nxh7 Rxh7 27.
Rg3+ Kf7 28. Qg6+ Ke7 29. cxd4 Rfh8 30. Kg1 Ne4 31. Re1 1-0

[Event "CAN-op"]
[Site "Kitchener CAN"]
[Date "2006.07.22"]
[Round "9"]
[White "Barron, Michael"]
[Black "Gokhale, Chandrashekhar"]
[Result "1/2-1/2"]
[WhiteElo "2214"]
[BlackElo "2371"]
[PlyCount "64"]
[EventDate "2006.07.15"]
[EventType "swiss"]
[EventRounds "9"]
[EventCountry "CAN"]

1. e4 e5 2. Nf3 Nc6 3. Bb5 Bc5 4. O-O Nf6 5. Nxe5 Nxe5 6. d4 a6 7. Ba4 Nxe4 8.
Qe2 Be7 9. Qxe4 Ng6 10. c4 O-O 11. Nc3 c6 12. d5 c5 13. Bd2 d6 14. f4 f5 15.
Qd3 Bd7 16. Bc2 b5 17. b3 Bf6 18. Rae1 Re8 19. g3 Qb6 20. Nd1 Rxe1 21. Rxe1 b4
22. Kg2 Rf8 23. Bc1 Qd8 24. Qd2 Bd4 25. Bb1 Re8 26. Rxe8+ Qxe8 27. Bb2 Bxb2 28.
Nxb2 Nf8 29. Nd1 Qe7 30. Bd3 a5 31. Qc2 Qe1 32. Qe2 Qxe2+ 1/2-1/2

[Event "Toronto Closed Premier"]
[Site "Toronto CAN"]
[Date "2004.01.18"]
[Round "6"]
[White "Barron, Michael"]
[Black "Gurevich, Artem"]
[Result "1-0"]
[WhiteElo "2248"]
[BlackElo "2322"]
[PlyCount "89"]
[EventDate "2004.01.18"]
[EventType "tourn"]
[EventRounds "11"]
[EventCountry "CAN"]

1. e4 c5 2. Nf3 e6 3. Nc3 a6 4. d4 cxd4 5. Nxd4 b5 6. Bd3 Qb6 7. Nb3 Qc7 8. f4
Bb7 9. O-O b4 10. Ne2 Nf6 11. Ng3 Qb6+ 12. Kh1 h5 13. Qf3 h4 14. Be3 Qc7 15.
Ne2 d5 16. Nd2 h3 17. g4 Nbd7 18. g5 dxe4 19. Nxe4 Nxe4 20. Bxe4 Bxe4 21. Qxe4
Rc8 22. Nd4 Nc5 23. Qf3 Qb7 24. a3 a5 25. Qxb7 Nxb7 26. axb4 axb4 27. g6 Bc5
28. c3 bxc3 29. bxc3 Nd6 30. Rfe1 Rh4 31. gxf7+ Kxf7 32. Nxe6 Bxe3 33. Rxe3 Nb5
34. Ng5+ Kf8 35. c4 Nd6 36. c5 Nf5 37. Rd3 Rh6 38. Rc1 Ke8 39. Re1+ Kf8 40. Re5
Ne7 41. Nxh3 Rhc6 42. Ng5 Ng6 43. Rf5+ Kg8 44. Rd7 Rxc5 45. Rxc5 1-0

[Event "WTch Senior 50+"]
[Site "Krakow POL"]
[Date "2024.07.03"]
[Round "2.3"]
[White "Barron, Michael"]
[Black "Novikov, Igor"]
[Result "1/2-1/2"]
[WhiteElo "2075"]
[BlackElo "2509"]
[PlyCount "52"]
[EventDate "2024.07.02"]
[EventType "team"]
[EventRounds "9"]
[EventCountry "POL"]
[Source "ChessMix "]
[SourceDate "2024.07.20"]
[WhiteTeam "Canada"]
[BlackTeam "USA"]
[WhiteTeamCountry "CAN"]

1. e4 c5 2. Nf3 d6 3. d4 cxd4 4. Nxd4 Nf6 5. f3 e5 6. Nb3 Be7 7. c4 a5 8. Be3
a4 9. N3d2 Qa5 10. Nc3 Bd7 11. Bd3 Na6 12. O-O Bd8 13. Nb5 Bb6 14. Qe2 O-O 15.
Rfd1 Bc5 16. Nf1 Rfd8 17. Rac1 Qb6 18. Kh1 Nc7 19. Nxc7 Qxc7 20. Bg5 Kh8 21.
Ne3 Be6 22. Nd5 Bxd5 23. exd5 Qe7 24. Qe1 h6 25. Bd2 Re8 26. Be4 Nxe4 1/2-1/2

[Event "Toronto op"]
[Site "Toronto CAN"]
[Date "2024.08.31"]
[Round "1.9"]
[White "Liu, Sean"]
[Black "Barron, Michael"]
[Result "1-0"]
[WhiteElo "1869"]
[BlackElo "2099"]
[PlyCount "39"]
[EventDate "2024.08.31"]
[EventType "swiss"]
[EventRounds "6"]
[EventCountry "CAN"]

1. e4 e5 2. Bc4 Nf6 3. Nc3 Bc5 4. d3 d6 5. f4 Ng4 6. f5 Nf2 7. Qh5 O-O 8. Nf3
Nxh1 9. Ng5 h6 10. Nxf7 Qh4+ 11. Qxh4 Bf2+ 12. Qxf2 Nxf2 13. Nxe5+ Kh7 14. Ng6
Rf6 15. Kxf2 Bxf5 16. exf5 Rxf5+ 17. Nf4 g5 18. Bd5 Nc6 19. Be4 Raf8 20. g4 1-0

[Event "Toronto op"]
[Site "Toronto CAN"]
[Date "2024.08.31"]
[Round "2.9"]
[White "Barron, Michael"]
[Black "Zhong, Ryan Yunhui"]
[Result "1/2-1/2"]
[WhiteElo "2099"]
[BlackElo "2023"]
[PlyCount "100"]
[EventDate "2024.08.31"]
[EventType "swiss"]
[EventRounds "6"]
[EventCountry "CAN"]

1. e4 e6 2. d4 d5 3. Bd3 dxe4 4. Bxe4 Nf6 5. Bf3 c5 6. Ne2 Nc6 7. Be3 Be7 8.
O-O O-O 9. dxc5 Qa5 10. Nd2 Rd8 11. c3 Ne5 12. Nd4 Nxf3+ 13. Qxf3 e5 14. Nf5
Bxf5 15. Qxf5 Qc7 16. Nf3 e4 17. Ng5 Rd5 18. Qf4 Qxf4 19. Bxf4 h6 20. Nh3 Bxc5
21. Rae1 Rad8 22. g3 g5 23. Bc1 Rd3 24. Kg2 a5 25. Ng1 Kh7 26. h3 b5 27. g4 b4
28. Ne2 bxc3 29. bxc3 Kg6 30. Ng3 Re8 31. c4 Ba3 32. Nf5 h5 33. Ne3 Bc5 34. Kg3
Rc8 35. Bb2 Bxe3 36. Rxe3 Rxc4 37. Bxf6 h4+ 38. Kg2 Kxf6 39. Rfe1 Rxe3 40. Rxe3
Ke5 41. Rb3 Rc2 42. Rb5+ Kf6 43. Rxa5 e3 44. Rf5+ Ke6 45. Rf3 e2 46. Re3+ Kd5
47. a4 Ra2 48. a5 Kd4 49. a6 Rxa6 50. Rxe2 Re6 1/2-1/2

[Event "Toronto op"]
[Site "Toronto CAN"]
[Date "2024.09.01"]
[Round "3.10"]
[White "Jaferian, Koosha"]
[Black "Barron, Michael"]
[Result "1-0"]
[WhiteElo "2205"]
[BlackElo "2099"]
[PlyCount "119"]
[EventDate "2024.08.31"]
[EventType "swiss"]
[EventRounds "6"]
[EventCountry "CAN"]

1. d4 f5 2. Bf4 Nf6 3. e3 e6 4. Nf3 d5 5. c4 c6 6. Nc3 Be7 7. h3 Nbd7 8. Bd3
Ne4 9. O-O O-O 10. Rc1 Ndf6 11. Ne2 Bd7 12. Ne5 Be8 13. f3 Nd6 14. Qb3 b5 15.
cxd5 cxd5 16. Nc6 Bxc6 17. Rxc6 a6 18. Rfc1 Ra7 19. Qc2 Qd7 20. Bxd6 Bxd6 21.
a4 bxa4 22. Qxa4 a5 23. Bb5 Qe7 24. Qc2 Rb8 25. Ba4 Rab7 26. b3 Ba3 27. Ra1 Bd6
28. Rc1 Ba3 29. Re1 Bb4 30. Rd1 Bd6 31. Nc1 Rc7 32. Rxc7 Qxc7 33. Qxc7 Bxc7 34.
Nd3 Bd6 35. Rc1 Kf7 36. Ne5+ Bxe5 37. dxe5 Ne8 38. Rc5 Ra8 39. Kf2 Ra7 40. Ke2
Nc7 41. Kd3 Na6 42. Rc8 g5 43. Kd4 f4 44. exf4 gxf4 45. Be8+ Ke7 46. Bb5 Nc7
47. Bc6 Na6 48. Rh8 Nb4 49. Bb5 Rc7 50. Rxh7+ Kd8 51. Rxc7 Kxc7 52. h4 Kd8 53.
h5 Ke7 54. h6 Kf7 55. Bd7 Nc2+ 56. Kc5 d4 57. Bxe6+ Kxe6 58. h7 d3 59. h8=Q d2
60. Qf6+ 1-0

[Event "Toronto op"]
[Site "Toronto CAN"]
[Date "2024.09.01"]
[Round "4.11"]
[White "Barron, Michael"]
[Black "Yang, Larry"]
[Result "1/2-1/2"]
[WhiteElo "2099"]
[BlackElo "1965"]
[PlyCount "104"]
[EventDate "2024.08.31"]
[EventType "swiss"]
[EventRounds "6"]
[EventCountry "CAN"]

1. e4 c5 2. Nf3 Nc6 3. d4 cxd4 4. Nxd4 g6 5. c4 Nf6 6. Nc3 Nxd4 7. Qxd4 d6 8.
Be3 Bg7 9. Be2 O-O 10. Qd2 Be6 11. Rc1 Qa5 12. f3 Rfc8 13. Nd5 Qxd2+ 14. Kxd2
Nxd5 15. cxd5 Bd7 16. Rc2 Rxc2+ 17. Kxc2 Rc8+ 18. Kb1 a6 19. Rc1 Rxc1+ 20. Kxc1
Kf8 21. Kc2 e6 22. Bc4 Ke7 23. Bg5+ Bf6 24. Bxf6+ Kxf6 25. Kd3 e5 26. Kc3 Ke7
27. Kb4 Kd8 28. Ka5 Kc7 29. b4 Bc8 30. Be2 f5 31. Ka4 f4 32. Kb3 b6 33. Kc3 Kd8
34. Kd2 Ke7 35. Ke1 g5 36. Kf2 a5 37. a3 axb4 38. axb4 Bd7 39. g4 fxg3+ 40.
Kxg3 h5 41. Ba6 Kf6 42. Bb7 h4+ 43. Kf2 g4 44. Bc6 Bc8 45. fxg4 Bxg4 46. Bb5
Kg5 47. Ke3 Bh3 48. Be2 Bd7 49. Bd1 b5 50. Be2 Be8 51. h3 Bd7 52. Bf1 Be8
1/2-1/2

[Event "Toronto op"]
[Site "Toronto CAN"]
[Date "2024.09.02"]
[Round "5.10"]
[White "Lu, Tony"]
[Black "Barron, Michael"]
[Result "1-0"]
[WhiteElo "1972"]
[BlackElo "2099"]
[PlyCount "117"]
[EventDate "2024.08.31"]
[EventType "swiss"]
[EventRounds "6"]
[EventCountry "CAN"]

1. c4 f5 2. d4 Nf6 3. Nc3 d6 4. Bg5 Nbd7 5. Qc2 g6 6. h4 Bg7 7. O-O-O O-O 8. e3
c6 9. Be2 h6 10. Bf4 Qa5 11. Bg3 e5 12. Nh3 Re8 13. h5 Nf8 14. hxg6 Nxg6 15. f3
Be6 16. Kb1 b5 17. d5 cxd5 18. Nxd5 Nxd5 19. cxd5 Bd7 20. e4 f4 21. Be1 Qb6 22.
g3 Rac8 23. Qd2 Rf8 24. Bf2 Qb7 25. gxf4 Bxh3 26. Rxh3 Nxf4 27. Rg3 Kh7 28. Be3
Rf6 29. Rdg1 Rc7 30. Bf1 Bf8 31. Bh3 Nxh3 32. Rxh3 Rg7 33. Rgh1 Rgg6 34. Bg5
Qg7 35. Bxf6 Qxf6 36. Qa5 Qg7 37. a3 Rg1+ 38. Ka2 Rxh1 39. Rxh1 Qf7 40. Rf1 h5
41. Qxb5 Bh6 42. Rf2 Be3 43. Rc2 h4 44. Qb8 Bc5 45. b4 Qxf3 46. bxc5 Qxe4 47.
Qc7+ Kg6 48. Qxd6+ Kg5 49. Qe7+ Kh6 50. Qf8+ Kh7 51. Qf2 Qxd5+ 52. Ka1 Qh1+ 53.
Kb2 Qb7+ 54. Kc3 Qe4 55. Qf7+ Kh6 56. Qc4 Qe3+ 57. Kb2 h3 58. c6 Qb6+ 59. Ka2
1-0

[Event "Ontario op"]
[Site "Toronto CAN"]
[Date "2024.05.18"]
[Round "2.13"]
[White "Joseph Benher, Savio"]
[Black "Barron, Michael"]
[Result "1-0"]
[WhiteElo "2164"]
[BlackElo "2236"]
[PlyCount "97"]
[EventDate "2024.05.18"]
[EventType "swiss"]
[EventRounds "6"]
[EventCountry "CAN"]

1. e4 e5 2. Nf3 Nc6 3. Bb5 a6 4. Ba4 Nf6 5. d3 b5 6. Bb3 Bc5 7. a4 b4 8. a5 d6
9. h3 h6 10. O-O O-O 11. Be3 Nd4 12. Bxd4 Bxd4 13. Nxd4 exd4 14. Nd2 Be6 15. f4
Nd7 16. Ba4 f5 17. exf5 Rxf5 18. Bc6 Rb8 19. g4 Rf8 20. f5 Ne5 21. Bg2 Bf7 22.
Qe1 h5 23. f6 gxf6 24. Ne4 Bg6 25. gxh5 Bxe4 26. Qxe4 c5 27. Rf5 Qe7 28. b3 Kh8
29. Raf1 Rf7 30. Kh1 Rbf8 31. Qf4 Nd7 32. Be4 Rg7 33. h6 Rg6 34. Rd5 f5 35.
Rxf5 Rxf5 36. Bxf5 Rf6 37. Qg5 Qf8 38. Qg7+ Qxg7 39. hxg7+ Kg8 40. Kg2 Ne5 41.
Bh7+ Kxg7 42. Rxf6 Kxf6 43. Be4 Ke6 44. Bb7 d5 45. Bxa6 c4 46. Bc8+ Kd6 47. a6
Nc6 48. Bb7 Na7 49. Kg3 1-0

[Event "Ontario op"]
[Site "Toronto CAN"]
[Date "2024.05.19"]
[Round "3.16"]
[White "Barron, Michael"]
[Black "Yang, Lefan"]
[Result "1/2-1/2"]
[WhiteElo "2236"]
[BlackElo "2203"]
[PlyCount "132"]
[EventDate "2024.05.18"]
[EventType "swiss"]
[EventRounds "6"]
[EventCountry "CAN"]

1. e4 c5 2. Nf3 Nc6 3. d4 cxd4 4. Nxd4 Nf6 5. Nc3 e5 6. Ndb5 d6 7. Nd5 Nxd5 8.
exd5 Nb8 9. a4 Be7 10. Be3 O-O 11. a5 f5 12. Nxa7 Nd7 13. Nxc8 Qxc8 14. f3 Qd8
15. Qd2 f4 16. Bf2 e4 17. fxe4 f3 18. g3 Bg5 19. Qb4 Qc7 20. Bd3 Ne5 21. O-O
Qd7 22. Bd4 Qh3 23. Rf2 Ng4 24. Qxb7 Qh6 25. Qd7 Nxf2 26. Bxf2 Kh8 27. a6 Be3
28. Rf1 Rad8 29. Qg4 Bxf2+ 30. Rxf2 Qc1+ 31. Rf1 Qe3+ 32. Kh1 Qd2 33. Qh3 h6
34. Ra1 Qe3 35. Qf1 Rf7 36. Qe1 Qd4 37. Qc3 Qf2 38. Rg1 Qe3 39. Qe1 Qd4 40. Rf1
Qxb2 41. Qe3 Rdf8 42. Kg1 Qa2 43. Qb6 Qa3 44. Qd4 Qa5 45. Qe3 Qc3 46. Rb1 Qa5
47. Kf2 Qa3 48. Qd4 Qa5 49. Qb4 Qc7 50. Ke3 f2 51. Rf1 Qa7+ 52. Ke2 Rf3 53.
Qxd6 Qe3+ 54. Kd1 R3f6 55. Qa3 Rb8 56. Qc1 Qd4 57. Ke2 Qe5 58. Rxf2 Qh5+ 59.
Ke3 Rxf2 60. Kxf2 Qxh2+ 61. Ke3 Qxg3+ 62. Kd4 Qf2+ 63. Qe3 Rb4+ 64. c4 Qb2+ 65.
Kc5 Qa3 66. Kd4 Qb2+ 1/2-1/2